Santiago a comienzos del siglo XIX: crónicas de los viajeros
সংরক্ষণ করুন:
| প্রধান লেখক: | |
|---|---|
| বিন্যাস: | গ্রন্থ |
| ভাষা: | স্প্যানিশ |
| প্রকাশিত: |
Santiago
Andrés Bello
1970
|
| বিষয়গুলি: | |
| ট্যাগগুলো: |
ট্যাগ যুক্ত করুন
কোনো ট্যাগ নেই, প্রথমজন হিসাবে ট্যাগ করুন!
|
MARC
| LEADER | 00000nam a2200000 a 4500 | ||
|---|---|---|---|
| 001 | UCV8045 | ||
| 003 | CL-VaPUC | ||
| 008 | 900423e19700000CL |||||||||||||||||spa|d | ||
| 082 | 0 | 4 | |a 983.315 |b FEL |2 21 |
| 100 | |a Feliú Cruz, Guillermo |e author |9 375429 | ||
| 245 | 1 | 0 | |a Santiago a comienzos del siglo XIX: crónicas de los viajeros |
| 300 | |a 289 p | ||
| 942 | |c BK | ||
| 945 | |d 19900423 00:00:00 | ||
| 260 | |a Santiago |b Andrés Bello |c 1970 | ||
| 650 | 0 | |a Vida social y costumbres |9 258725 | |
| 650 | 0 | |a Descripciones y viajes |9 262159 | |
| 651 | 0 | |a Santiago (Chile) |9 261130 | |
| 583 | |a last modification |c 19900423 00:00:00 |k Rodrigo Vera | ||
| 999 | |c 213632 |d 213630 | ||
| 952 | |0 0 |1 0 |4 0 |6 983_315000000000000_FEL_1970 |7 0 |8 A |9 196187 |a BIBARQ |b BIBARQ |d 2019-11-14 |i 2641070 |o 983.315 FEL 1970 |p 2641070 |r 2025-01-20 |w 2019-11-14 |y BK |k ARQ | ||
| 952 | |0 0 |1 0 |4 0 |6 983_315000000000000_FEL_1970 |7 0 |8 A |9 196188 |a BIBHIS |b BIBHIS |d 2019-11-14 |i 1257595 |o 983.315 FEL 1970 |p 1257595 |r 2025-01-20 |w 2019-11-14 |y BK |k HIS | ||